EA FC26 All Gold Serbia Players - Statistics

General Stats
  • This quiz has been taken 33 times
  • The average score is 11 of 20
Answer Stats
Rate Club Answer % Correct
84 Al Hilal Sergej Milinkovic-Savic
100%
79 Napoli Vanja Milinkovic-Savic
100%
82 Juventus Dusan Vlahovic
96%
83 Nottingham Nikola Milenkovic
88%
81 Juventus Filip Kostic
77%
77 Sevilla Nemanja Gudelj
65%
78 Fulham Sasa Lukic
65%
82 AS Roma Mile Svilar
58%
76 Milan Strahinja Pavlovic
58%
80 Bournemouth Djordje Petrovic
50%
75 Atalanta Lazar Samardzic
50%
79 Espanyol Marko Dmitrovic
46%
76 Torino Ivan Ilic
38%
76 AEK Athens Luka Jovic
38%
77 Sassuolo Nemanja Matic
38%
78 PAOK Andrija Zivkovic
35%
80 Al Ittihad Predrag Rajkovic
31%
76 Sparta Prague Veljko Birmancevic
19%
75 Panathinaikos Filip Duricic
12%
75 Sporting KC Dejan Joveljic
4%
No matching quizzes found
Score Distribution
Percent of People with Each Score
Percentile by Number Answered
Your Score History
You have not taken this quiz